Next/Previous Countries by Area - Statistics

General Stats
  • This quiz has been taken 44 times
  • The average score is 14 of 24
Answer Stats
COUNTRY % Correct
Canada (9,984k)
100%
United States (9,826k)
100%
Nauru (21)
78%
Monaco (2)
75%
Mexico (1,964k)
65%
Saudi Arabia (2,149k)
65%
Egypt (1,002k)
60%
Kosovo (10k)
58%
Ukraine (603k)
58%
Italy (301k)
55%
Malta (316)
55%
Lebanon (10k)
53%
South Korea (100k)
53%
Comoros (1,862)
50%
Grenada (344)
50%
Kuwait (17k)
50%
Mauritius (2,040)
50%
Tanzania (945k)
50%
Hungary (93k)
48%
Swaziland (17k)
48%
Ecuador (276k)
45%
Slovakia (49k)
45%
Costa Rica (51k)
43%
Madagascar (587k)
43%
No matching quizzes found
Score Distribution
Percent of People with Each Score
Percentile by Number Answered
Your Score History
You have not taken this quiz